FINANCIAL MANAGEMENT AND CONTROL PAPER 2.4 (Record no. 8794)
[ view plain ]
| 000 -LEADER | |
|---|---|
| fixed length control field | 00369nam a2200157 4500 |
| 005 - DATE AND TIME OF LATEST TRANSACTION | |
| control field | 20260220110241.0 |
| 008 - FIXED-LENGTH DATA ELEMENTS--GENERAL INFORMATION | |
| fixed length control field | cuc123 |
| 020 ## - INTERNATIONAL STANDARD BOOK NUMBER | |
| International Standard Book Number | 9987988071295 |
| 050 ## - LIBRARY OF CONGRESS CALL NUMBER | |
| Classification number | HF 5657.4 FIN |
| Item number | 1 |
| 100 ## - MAIN ENTRY--PERSONAL NAME | |
| Personal name | ACCA |
| 245 ## - TITLE STATEMENT | |
| Title | FINANCIAL MANAGEMENT AND CONTROL PAPER 2.4 |
| Remainder of title | STUDY TEXT |
| 250 ## - EDITION STATEMENT | |
| Edition statement | 2005 ED. |
| 260 ## - PUBLICATION, DISTRIBUTION, ETC. | |
| Place of publication, distribution, etc. | LODON |
| Name of publisher, distributor, etc. | BPP |
| Date of publication, distribution, etc. | 2006c |
| 300 ## - PHYSICAL DESCRIPTION | |
| Extent | xxvii,752p |
| 942 ## - ADDED ENTRY ELEMENTS (KOHA) | |
| Source of classification or shelving scheme | Library of Congress Classification |
| Koha item type | Books |
| Suppress in OPAC | No |
| 999 ## - | |
| -- | 8794 |
| -- | 8794 |
| Withdrawn status | Lost status | Source of classification or shelving scheme | Damaged status | Not for loan | Collection | Home library | Current library | Shelving location | Date acquired | Total checkouts | Full call number | Barcode | Date last seen | Copy number | Price effective from | Koha item type | Public note |
|---|---|---|---|---|---|---|---|---|---|---|---|---|---|---|---|---|---|
| Library of Congress Classification | Non-fiction | Graduate Library (Christ Temple) | Graduate Library (Christ Temple) | General stacks | 02/20/2026 | HF 5657.4 FIN | gsct00002726 | 02/20/2026 | 1 | 02/20/2026 | Books | EAQ | |||||
| Library of Congress Classification | Non-fiction | Graduate Library (Christ Temple) | Graduate Library (Christ Temple) | General stacks | 02/20/2026 | HF 5657.4 FIN | gsct00002727 | 02/20/2026 | 2 | 02/20/2026 | Books | EAQ |